01175nam a2200193Ia 4500001001100000003001000011008004100021040002500062041001300087100004500100245006700145250001100212260006600223300002700289500026400316501011400580520026400694650002300958L248-15071IT-CnALBA170116s9999||||xx |||||||||||||| ||und|| aIT-CnALBAcIT-CnALBA aITALIANO aBOSSUET JACQUES-BENIGNE VESCOVO DI MEAUX 0aELEVAZIONI A DIO SU TUTTI MISTERI DELLA RELIGIONE CRISTIANA.A  a1a ed. aCINISELLO BALSAMO (MI)bEDIZIONI PAOLINEc1946 [1° Ed.:1946] a489 p. (prefazione: 5) aTRADUZIONE DAL FRANCESE DI G. PAPPALARDO, SSP. BIOGRAFIA DI G.B. BOSSUET. UNITÀ E PERFEZIONE DI DIO. TRINITÀ. CREAZIONE DELL'UNIVERSO, ANGELI, UOMO. TENTAZIONE E CADUTA. PECCATO ORIGINALE. LEGGE E PROFEZIE. GIOVANNI BATTISTA. VISITAZIONE. NASCITA DEL PREC aSocietà San Paolo EM - Piazza San Paolo, 14 - 12051 ALBA (CN) (non commercial uses only) ® Copyright 2017 aTRADUZIONE DAL FRANCESE DI G. PAPPALARDO, SSP. BIOGRAFIA DI G.B. BOSSUET. UNITÀ E PERFEZIONE DI DIO. TRINITÀ. CREAZIONE DELL'UNIVERSO, ANGELI, UOMO. TENTAZIONE E CADUTA. PECCATO ORIGINALE. LEGGE E PROFEZIE. GIOVANNI BATTISTA. VISITAZIONE. NASCITA DEL PREC aASCETICA E MISTICA